|
|
|
|
| LEADER |
00000nam a22000007a 4500 |
| 005 |
20220509232838.0 |
| 007 |
cr|||| |||| |
| 008 |
220509s2021 es |||||s|||| 00||0 spa d |
| 020 |
|
|
|a 978-84-122999-5-3
|
| 035 |
|
|
|a 35612
|
| 040 |
|
|
|a vLex
|
| 090 |
|
|
|c 13304
|d 13304
|
| 100 |
1 |
|
|a Gonzl̀ez Coulon, Mara̕ de los ℓngeles
|
| 245 |
1 |
2 |
|a El testimonio como prueba
|h [Recurso electrn̤ico] :
|b Una reconstruccin̤ ter̤ica y unitaria de la prueba testimonial /
|c Mara̕ de los ℓngeles Gonzl̀ez Coulon
|
| 256 |
|
|
|a Servicio en ln̕ea
|
| 260 |
|
|
|a Barcelona:
|b J.M. Bosch Editor,
|c 2021
|
| 300 |
|
|
|a 1 recurso electrn̤ico
|
| 500 |
|
|
|a Esta monografa̕ analiza y critica el estudio de la prueba testimonial en el m̀bito espaǫl y chileno, estableciendo como premisa que el problema ms̀ importante se encuentra en que el anl̀isis ha estado centrado en la figura del testigo, lo que ha tenido como consecuencia que el examen de dicho elemento, el sujeto, contamine el examen de la declaracin̤ que ľ desarrolla dentro de un juicio. Es a props̤ito de las problemt̀icas que surgen luego de revisar el estudio de este medio de prueba, que el presente trabajo propone un concepto amplio de testimonio, apoyǹdose en la epistemologa̕ jurd̕ica, a partir del cual se distingan los elementos subjetivo y objetivo presentes en la prueba testimonial. As,̕ se establece que dichos elementos deberǹ examinarse de manera equilibrada, en el mismo nivel, en los momentos de conformacin̤ y valoracin̤ de la prueba. Realizada la elaboracin̤ del concepto anterior, en esta monografa̕ no solo se plantea este innovador examen de la prueba testimonial, sino que tambiň se presenta, al finalizar el texto, la posibilidad de que a partir de la definicin̤ de testimonio entregada, se regulen de manera comn︢ con la prueba testimonial otros medios de prueba que comparten la naturaleza jurd̕ica de ser testimonios y que adems̀ presentan problemt̀icas similares a las ya planteadas.
|
| 506 |
1 |
|
|a Disponible solo en los productos indicados
|d vLex Global
|d vLex Global (Academic Edition, excluding Law Schools)
|d vLex Global (U.S. Academic Edition, Law Schools)
|d vLex Global (U.S. Academic Edition, excluding Law Schools)
|d vLex Global (Academic Edition, Law Schools)
|
| 650 |
0 |
4 |
|a Derecho Procesal
|z Espaą
|
| 650 |
0 |
4 |
|a Procedimiento Civil
|z Espaą
|
| 740 |
0 |
|
|a vLex Libros (Servicio en ln̕ea)
|
| 856 |
4 |
0 |
|u https://app.vlex.com/#/sources/35612
|z Acceso restringido
|
| 942 |
|
|
|c BOOK
|
| 999 |
0 |
|
|a Procedural Law
|
| 999 |
0 |
|
|a Civil Procedure
|